|
|
|
|
| LEADER |
00771cam a2200253 a 4500 |
| 001 |
0000069226 |
| 005 |
20070205090000.0 |
| 040 |
|
|
|a mod
|
| 041 |
|
|
|a eng
|
| 020 |
0 |
0 |
|a 9971644606
|
| 090 |
0 |
0 |
|a 615.851
|b COL
|e 1994
|
| 100 |
1 |
0 |
|a Coleman
|h Vernon
|
| 245 |
1 |
0 |
|a Mindpower
|b how to use your mind to heal your body
|c Dr. Vernon Coleman
|
| 260 |
0 |
0 |
|a Singapore
|b Heinemann Asia
|c 1994
|
| 300 |
0 |
0 |
|a viii, 247 p.
|c 22 cm
|
| 440 |
0 |
0 |
|a Heinemann Health Series
|
| 650 |
0 |
0 |
|a Holistic medicine
|
| 650 |
0 |
0 |
|a Medicine, Psychosomatic
|
| 650 |
0 |
0 |
|a Mental healing
|
| 650 |
0 |
0 |
|a Mind and body
|
| 650 |
0 |
0 |
|a Health
|
| 852 |
0 |
0 |
|a 01
|
| 999 |
|
|
|a 0214391
|b ATU
|d BOOKS
|e Umum
|f ATU
|j AVAILABLE
|q GOOD CONDITION
|
| 999 |
|
|
|a 0248366
|b KEMENTAH
|d BOOKS
|e Umum
|f Perpustakaan KEMENTAH
|j AVAILABLE
|q GOOD CONDITION
|